Memoria expedicionaria Colombia Antártica / (Registro nro. 6616)
[ vista simple ]
| 000 -LEADER | |
|---|---|
| fixed length control field | 01627 a2200289 4500 |
| 003 - CONTROL NUMBER IDENTIFIER | |
| control field | OSt |
| 005 - DATE AND TIME OF LATEST TRANSACTION | |
| control field | 20200302103333.0 |
| 008 - FIXED-LENGTH DATA ELEMENTS--GENERAL INFORMATION | |
| fixed length control field | 171027s2017 ck aob|gr|||| 001 0 spa d |
| 020 ## - INTERNATIONAL STANDARD BOOK NUMBER | |
| International Standard Book Number | 9789585412477 |
| 040 ## - CATALOGING SOURCE | |
| Original cataloging agency | CO-BoUCM |
| Language of cataloging | spa |
| Transcribing agency | CO-JMCR |
| Modifying agency | Saul Niño |
| 041 1# - LANGUAGE CODE | |
| Language code of text/sound track or separate title | spa |
| 041 1# - LANGUAGE CODE | |
| Language code of text/sound track or separate title | eng |
| 082 04 - DEWEY DECIMAL CLASSIFICATION NUMBER | |
| Classification number | 918.9 / |
| Item number | J371m |
| Edition number | 20 |
| 100 1# - MAIN ENTRY--PERSONAL NAME | |
| Personal name | Jaramillo Machuca, Natalia, |
| 9 (RLIN) | 88034 |
| Relator term | autora |
| 245 10 - TITLE STATEMENT | |
| Title | Memoria expedicionaria Colombia Antártica / |
| Statement of responsibility, etc. | Natalia Jaramillo Machuca, capitán de navío, Ricardo José Morales Babra |
| 260 ## - PUBLICATION, DISTRIBUTION, ETC. | |
| Place of publication, distribution, etc. | Bogotá ( Colombia) : |
| Name of publisher, distributor, etc. | Dimar, |
| Date of publication, distribution, etc. | 2017 |
| 300 ## - PHYSICAL DESCRIPTION | |
| Extent | 283 páginas : |
| Other physical details | ilustraciones, fotografías, mapas a color |
| Dimensions | 34 cm. |
| 500 ## - GENERAL NOTE | |
| General note | En portada: Un reto de país. |
| 504 ## - BIBLIOGRAPHY, ETC. NOTE | |
| Bibliography, etc. note | Referencias en paginas 277-281. |
| 505 ## - FORMATTED CONTENTS NOTE | |
| Formatted contents note | Antártica: reseña histórica-- Nuestro Norte fue el sur: La Autoridad Marítima Colombiana como guía de la I expedición antártica colombiana -- La materialización de un sueño: las expediciones colombianas a la Antártica -- Instrucciones y grupos de investigación -- Colombia antártica: un futuro promisorio |
| 505 ## - FORMATTED CONTENTS NOTE | |
| Formatted contents note | Antarctica: historical review - Our North was the south: The Colombian Maritime Authority as a guide to the I Colombian Antarctic expedition - The realization of a dream: Colombian expeditions to Antarctica - Instructions and research groups - Antarctic Colombia: a promising future |
| 546 ## - LANGUAGE NOTE | |
| Language note | Texto en español e Inglés |
| 650 ## - SUBJECT ADDED ENTRY--TOPICAL TERM | |
| Topical term or geographic name entry element | Regiones polares |
| General subdivision | Investigación científica |
| 9 (RLIN) | 88035 |
| 651 ## - SUBJECT ADDED ENTRY--GEOGRAPHIC NAME | |
| Geographic name | Antártida |
| General subdivision | Descripciones y viajes |
| Geographic subdivision | Colombia |
| 9 (RLIN) | 88036 |
| 700 1# - ADDED ENTRY--PERSONAL NAME | |
| Personal name | Babra, José Morales |
| 9 (RLIN) | 88038 |
| Relator term | autor |
| 942 ## - ADDED ENTRY ELEMENTS (KOHA) | |
| Koha item type | Books |
| Source of classification or shelving scheme | Dewey Decimal Classification |
| Withdrawn status | Lost status | Source of classification or shelving scheme | Damaged status | Not for loan | Home library | Current library | Shelving location | Date acquired | Source of acquisition | Cost, normal purchase price | Total Checkouts | Full call number | Barcode | Date last seen | Date last checked out | Copy number | Price effective from | Koha item type | Collection code |
|---|---|---|---|---|---|---|---|---|---|---|---|---|---|---|---|---|---|---|---|
| Dewey Decimal Classification | Biblioteca Pública José María del Castillo y Rada | Biblioteca Pública José María del Castillo y Rada | Processing Center | 12/12/2018 | Donación | 0.00 | 3 | 918.9 / J371m | 201808308 | 05/16/2024 | 05/08/2024 | Ej.1 | 03/02/2020 | Books | |||||
| Dewey Decimal Classification | Biblioteca Pública José María del Castillo y Rada | Biblioteca Pública José María del Castillo y Rada | Book Cart | 04/06/2023 | 918.9 / J371m | 201812476 | 09/25/2024 | Ej.2 | 09/25/2024 | Books | Non-fiction |